Deficit štátneho rozpočtu stále rastie Taliansko je najpomalšie sa rozvíjajúcou časťou eurozóny
Spomaľujúci sa hospodársky rast Talianska. Každoročným deficitom Taliansko neustále zvyšuje štátny dlh. Záväzky talianskej vlády na zníženie deficitu. Východisko v znižovaní rozpočtových výdavkov.
Gespeichert in:
| 1. Verfasser: | |
|---|---|
| Format: | Buchkapitel |
| Sprache: | Slowakisch |
| Schlagworte: | |
| Tags: |
Keine Tags, Fügen Sie das erste Tag hinzu!
|
MARC
| LEADER | 00000naa a2200000 4500 | ||
|---|---|---|---|
| 001 | r035358 | ||
| 005 | 20230824101225.7 | ||
| 041 | 0 | |a slo | |
| 044 | |a SK | ||
| 245 | 1 | 0 | |a Deficit štátneho rozpočtu stále rastie |b Taliansko je najpomalšie sa rozvíjajúcou časťou eurozóny |c Ľuboš Jančík |
| 520 | |a Spomaľujúci sa hospodársky rast Talianska. Každoročným deficitom Taliansko neustále zvyšuje štátny dlh. Záväzky talianskej vlády na zníženie deficitu. Východisko v znižovaní rozpočtových výdavkov. | ||
| 610 | 2 | 0 | |a rast hospodársky |
| 610 | 2 | 0 | |a deficit rozpočtový |
| 610 | 2 | 0 | |a Taliansko |
| 610 | 2 | 0 | |a výdavky rozpočtu štátneho |
| 610 | 2 | 0 | |a produkt domáci hrubý |
| 610 | 2 | 0 | |a politika fiškálna |
| 610 | 2 | 0 | |a politika rozpočtová |
| 100 | 1 | |a Jančík, Ľuboš | |